Les vingt meilleurs nouvelles francaises

Gespeichert in:
Bibliographische Detailangaben
Format: Buch
Sprache:Undetermined
Veröffentlicht: París, Francia Seghers 1956
Schlagworte:
Tags: Tag hinzufügen
Keine Tags, Fügen Sie den ersten Tag hinzu!

MARC

LEADER 00000nam a2200000Ia 4500
008 170316s9999 xx 000 0 und d
040 |a cru BVZT 
090 |a A-840 V-2v 
245 |a Les vingt meilleurs nouvelles francaises 
260 |a París, Francia 
260 |b Seghers 
260 |c 1956 
300 |a 378 páginas 
650 |a LITERATURA FRANCESA 
650 |a ANTOLOGÍA 
999 |c 12463  |d 12463 
942 |c 15 D  |h A-840 V-2v  |2 z